Name a Plant for Every Letter - Statistics

General Stats
  • This quiz has been taken 47 times
  • The average score is 16 of 26
Answer Stats
Answer % Correct
A Abelia | Acacia | Apple | ...
95%
B Banana | Blueberry | Blackberry | ...
90%
C Cherry | Carrot | Cactus | ...
88%
O Orange | Onion | Olive | ...
85%
P Pear | Pea | Pine | ...
83%
R Raspberry | Rose | Rosemary | ...
83%
L Lemon | Lavender | Lily | ...
78%
M Mango | Mint | Maple | ...
78%
D Date | Daisy | Dill | ...
76%
S Strawberry | Spinach | Sunflower | ...
76%
F Fig | Fennel | Fern | ...
73%
G Grape | Garlic | Grass | ...
73%
T Tomato | Tulip | Thyme | ...
73%
E Eggplant | Elderberry | Elm | ...
71%
J Juniper | Jasmine | Jalapeño | ...
59%
W Watermelon | Walnut | Willow | ...
59%
K Kale | Kumquat | Kiwi | ...
51%
I Iris | Ivy | Ilex | ...
49%
H Hazelnut | Honeysuckle | Hibiscus | ...
46%
V Vanilla | Venus Flytrap | Violet | ...
41%
Q Quince | Quinoa | ...
37%
Z Zucchini | Zinnia | Zebra Plant | ...
37%
N Nectarine | Narcissus | Neem | ...
34%
Y Yam | Yucca | Yew | ...
24%
U Ugli Fruit | Umbrella Tree | ...
10%
X Xanadu | Xerochrysum | Xerophyllum | ...
5%
No matching quizzes found
Score Distribution
Percent of People with Each Score
Percentile by Number Answered
Your Score History
You have not taken this quiz